Doctorado Honoris Causa : Cardenal y Doctor Roger Etchegaray, 18 de enero de 2002 /
Roger Marie Élie Etchegaray (Espelette, Francia, 1922) es cardenal, vicedecano del Colegio de Cardenales, presidente emérito del Pontificio Consejo Justicia y Paz y del Pontificio Consejo "Cor Unum". Dentro de la jerarquía católica es uno de los personajes más liberales, sobre todo en lo referente a...
Gorde:
| Erakunde egilea: | |
|---|---|
| Beste egile batzuk: | , |
| Formatua: | Liburua |
| Hizkuntza: | gaztelania |
| Gaiak: | |
| Etiketak: |
Etiketarik gabe, Izan zaitez lehena erregistro honi etiketa jartzen!
|
MARC
| LEADER | 00000nam^a2200000^a^4500 | ||
|---|---|---|---|
| 001 | 000356226 | ||
| 005 | 20250521000000.0 | ||
| 009 | 20260310115227.327 | ||
| 037 | |a Acervo ITESO - Biblioteca | ||
| 041 | |a ESP | ||
| 082 | |a 378. 007972 |b SIS SUJ 2002 V. 2 | ||
| 110 | |a Sistema Educativo UIA-ITESO | ||
| 245 | 1 | 0 | |a Doctorado Honoris Causa : |b Cardenal y Doctor Roger Etchegaray, 18 de enero de 2002 / |c SEUIA-ITESO ; presen. de E. González Torres, F. López Rivera. |
| 264 | |a México : |b Sistema Educativo UIA-ITESO, |c 2002 | ||
| 300 | |a 1 folleto (21 p.) | ||
| 336 | |a texto |b txt |2 rdacontenido | ||
| 337 | |a sin mediación |b n |2 rdamedio | ||
| 338 | |a volumen |b nc |2 rdasoporte | ||
| 520 | |a Roger Marie Élie Etchegaray (Espelette, Francia, 1922) es cardenal, vicedecano del Colegio de Cardenales, presidente emérito del Pontificio Consejo Justicia y Paz y del Pontificio Consejo "Cor Unum". Dentro de la jerarquía católica es uno de los personajes más liberales, sobre todo en lo referente al papel social que debe de tener la iglesia. Dentro de sus múltiples cargos que ha desempeñado en la institución religiosa ha escrito y defendido los derechos humanos sobre todo en cuestiones de igualdad y justicia. Ha recibido varios honores y reconocimientos por sus labores en favor de la paz. | ||
| 649 | |a XX | ||
| 650 | |a Cardenales (Prelados) Franceses - |x Homenajes - |x Tema Principal | ||
| 650 | |a Cardenales (Prelados) | ||
| 650 | |a Sistema Universitario Jesuita - |z México | ||
| 650 | |a Catolicismo | ||
| 650 | |a Cristianismo y Sociedad | ||
| 650 | |a Religión | ||
| 650 | |a Educación Superior - |z México | ||
| 650 | |a Etchegaray, Roger - |x Tema Principal | ||
| 700 | |a González Torres, Enrique |e (presentación) | ||
| 700 | |a López Rivera, Francisco |e (presentación) | ||
| 910 | |a Fondo General | ||
| 920 | |a Impresos - Libros | ||
| 930 | |a Colección General | ||
| 905 | |a 101 | ||
| 901 | |a 0500249027 |b IT2 |c FOL |i D70759 |u 20250521 | ||
| 902 | |a https://opac.biblio.iteso.mx/vufind/Record/000356226 | ||